000 00212nam a2200109Ia 4500
100 _aIYENGAR SRINIVASA
942 _cBK
245 _aTIRUVALLAVER TIRUKKURAL
260 _b#N/A
546 _aENGLISH
999 _c20741
_d20741